Music Quiz

Random Music or Song Quiz

Song Titles! Quiz Stats

 Plays Quiz Updated Jun 12, 2015

Challenge
Share
Tweet
Embed
Score 0/35 Timer 06:00
2 Plays Today
% Correct
Boo!
92.9%
Dong!
92.6%
Oops!
92.3%
Stop!
91%
Party!
89.7%
Conquered!
88.6%
Do!
85.7%
Funk!
84.3%
Bastard!
82.6%
Suey!
81.5%
Man!
78%
Frei!
77.5%
Help!
77.1%
Ya!
75.5%
Karma!
75%
Dolly!
74.6%
Danger!
73.6%
Good!
72.2%
% Correct
Boom!
71.7%
It!
70.3%
Up!
69.4%
Whoomp!
69.2%
Ho!
68.8%
Because!
67.8%
Turn!
66.9%
Yoko!
65.2%
Oh!
63.1%
Boy!
59.9%
Yeah!
59.9%
Zing!
58.1%
Gimme!
57.9%
There!
57.7%
Down!
55.1%
Ha-Haaa!
53.6%
Kite!
49.4%

You're not logged in!

Compare scores with friends on all Sporcle quizzes.
Join for Free
OR
Log In

You Might Also Like...

Show Comments

Extras

Top Quizzes Today


Score Distribution

Your Account Isn't Verified!

In order to create a playlist on Sporcle, you need to verify the email address you used during registration. Go to your Sporcle Settings to finish the process.

Report this User

Report this user for behavior that violates our Community Guidelines.

Details: